000 00570nam a2200193Ia 4500
005 20250508152705.0
008 008 250505s9999 xx 000 0 eng d
037 _aTextual
040 _aFEDL
_beng
_cFEDL
041 _aeng
_2eng
084 _a155.45, SLA
_qFEDL
100 _aSlaughter Stella Stillson
_9762155
245 0 _aMentally retarded child and his parent
260 _aNew York, USA
_bHarper and Brothers Publishers
_c1960
300 _axii,174p
650 _aChild psychology
942 _cTEXL
_h155.45, SLA
999 _c1338082
_d1338082